[Event "Rheinland Pfalz Seniors op 21st"]
[Site "Altenkirchen"]
[Date "2024.09.11"]
[Round "9"]
[White "Bachmann, Rolf"]
[Black "Stelter, Wilhelm"]
[Result "1-0"]
[WhiteElo "1900"]
[BlackElo "1775"]
[PlyCount "63"]
[EventDate "2024.09.03"]
[EventType "swiss"]
[EventRounds "9"]
[EventCountry "GER"]
[SourceTitle "EXT 2025"]
[Source "ChessBase"]
[SourceDate "2024.10.14"]
[SourceVersion "1"]
[SourceVersionDate "2024.10.14"]
[SourceQuality "1"]

1. d4 d5 2. Nf3 Nf6 3. c4 e6 4. e3 Bd6 5. c5 Be7 6. Nc3 0-0 7. Bd3 b6 8. cxb6 cxb6 9. Qe2 Bb7 10. 0-0 Nbd7 11. Bd2 Ne4 12. Rac1 Nxd2 13. Qxd2 Nf6 14. Ne5 Ne4 15. Nxe4 dxe4 16. Bb5 Qd6 17. Bc6 Bxc6 18. Nxc6 Bg5 19. Qb4 Qd7 20. Ne5 Qb7 21. Qc3 Bf6 22. Nc4 Qd7 23. Nd2 Qb7 24. Qc2 Qd7 25. Qxe4 e5 26. Nf3 exd4 27. exd4 Rfe8 28. Qf4 Rad8 29. Rfd1 Qa4 30. b3 Qb4 31. g4 Re2 32. g5 1-0

[Event "Rheinland Pfalz Seniors op 21st"]
[Site "Altenkirchen"]
[Date "2024.09.06"]
[Round "4"]
[White "Stelter, Wilhelm"]
[Black "Duijker, Bert"]
[Result "0-1"]
[WhiteElo "1775"]
[BlackElo "1872"]
[PlyCount "70"]
[EventDate "2024.09.03"]
[EventType "swiss"]
[EventRounds "9"]
[EventCountry "GER"]
[SourceTitle "EXT 2025"]
[Source "ChessBase"]
[SourceDate "2024.10.14"]
[SourceVersion "1"]
[SourceVersionDate "2024.10.14"]
[SourceQuality "1"]

1. d4 g6 2. e4 Bg7 3. c4 d6 4. Nc3 Nc6 5. Be3 e5 6. d5 Nd4 7. Nge2 Nxe2 8. Bxe2 f5 9. f3 Nf6 10. Qd2 0-0 11. Bh6 fxe4 12. Bxg7 Kxg7 13. fxe4 Bg4 14. 0-0-0 a6 15. Kb1 Qd7 16. h3 Bxe2 17. Qxe2 Nh5 18. Qe3 Rf7 19. Rhf1 Raf8 20. Rxf7+ Rxf7 21. Rd2 b6 22. b4 Rf1+ 23. Kb2 Qf7 24. c5 bxc5 25. bxc5 Qf4 26. Qxf4 Nxf4 27. Ka3 Rg1 28. Rb2 Nd3 29. Rb7 Nxc5 30. Rxc7+ Kh6 31. Rc6 Rxg2 32. Rxd6 Rg3 33. Kb4 Rxc3 34. Kxc3 Nxe4+ 35. Kb4 Nxd6 0-1

[Event "Rheinland Pfalz Seniors op 21st"]
[Site "Altenkirchen"]
[Date "2024.09.05"]
[Round "3"]
[White "Stelter, Wilhelm"]
[Black "Hehemann, Hein Peter"]
[Result "1-0"]
[WhiteElo "1775"]
[BlackElo "1663"]
[PlyCount "61"]
[EventDate "2024.09.03"]
[EventType "swiss"]
[EventRounds "9"]
[EventCountry "GER"]
[SourceTitle "EXT 2025"]
[Source "ChessBase"]
[SourceDate "2024.10.14"]
[SourceVersion "1"]
[SourceVersionDate "2024.10.14"]
[SourceQuality "1"]

1. d4 d5 2. c4 e6 3. Nf3 c5 4. cxd5 exd5 5. e3 Nc6 6. Be2 Nf6 7. Nc3 Be7 8. 0-0 Bf5 9. a3 b6 10. Ne5 Nxe5 11. dxe5 Ne4 12. Bb5+ Kf8 13. Qxd5 Nxc3 14. Qxd8+ Rxd8 15. bxc3 h5 16. f3 Rh6 17. e4 Be6 18. Bxh6 gxh6 19. Rad1 Rc8 20. Bd7 Rc7 21. Bxe6 fxe6 22. c4 Kg7 23. g3 Kg6 24. Rd3 h4 25. Rfd1 hxg3 26. hxg3 Bf8 27. Rd7 Rc8 28. Rd8 Rxd8 29. Rxd8 Bg7 30. f4 Kf7 31. Rd7+ 1-0

[Event "Goch op 22nd"]
[Site "Goch"]
[Date "2011.10.01"]
[Round "4"]
[White "Kruett, Michael"]
[Black "Stelter, Wilhelm"]
[Result "1-0"]
[WhiteElo "1836"]
[BlackElo "1728"]
[PlyCount "61"]
[EventDate "2011.09.29"]
[EventType "swiss"]
[EventRounds "7"]
[EventCountry "GER"]
[SourceTitle "EXT 2014"]
[Source "ChessBase"]
[SourceDate "2013.11.20"]
[SourceVersion "1"]
[SourceVersionDate "2013.11.20"]
[SourceQuality "1"]

1. e4 e5 2. Nf3 Nc6 3. Bb5 a6 4. Ba4 Nf6 5. 0-0 Nxe4 6. Re1 Nc5 7. Bxc6 dxc6 8. Nxe5 Be7 9. d4 Ne6 10. c3 0-0 11. Be3 Bd6 12. Nd2 f6 13. Nef3 Re8 14. Qc2 Bf8 15. Nf1 c5 16. Qb3 Kh8 17. d5 Ng5 18. Bxg5 Rxe1 19. Rxe1 fxg5 20. Ne5 Qf6 21. Ng3 Bd6 22. Nc4 Bg4 23. Nxd6 cxd6 24. Qxb7 Rf8 25. Rf1 h5 26. Qxa6 h4 27. Ne4 Qf4 28. Qxd6 Qxe4 29. Qxf8+ Kh7 30. Qxc5 h3 31. f3 1-0

[Event "Goch op 20th"]
[Site "Goch"]
[Date "2009.10.03"]
[Round "4"]
[White "Stelter, Wilhelm"]
[Black "Bons, Jasper"]
[Result "0-1"]
[WhiteElo "1747"]
[BlackElo "2024"]
[PlyCount "92"]
[EventDate "2009.10.01"]
[EventType "swiss"]
[EventRounds "7"]
[EventCountry "GER"]
[SourceTitle "EXT 2011"]
[Source "ChessBase"]
[SourceDate "2010.11.26"]
[SourceVersion "1"]
[SourceVersionDate "2010.11.26"]
[SourceQuality "1"]

1. d4 Nf6 2. c4 g6 3. Nc3 Bg7 4. e4 d6 5. f3 0-0 6. Be3 Nbd7 7. Qd2 c5 8. d5 a6 9. Nge2 Rb8 10. Ng3 h5 11. Be2 Qa5 12. Kf2 b5 13. cxb5 axb5 14. a4 b4 15. Nb5 Ne5 16. Rhc1 Bd7 17. h3 Rfc8 18. b3 Ra8 19. Kg1 Bxb5 20. Bxb5 Kh7 21. f4 Ned7 22. Ra2 Rcb8 23. Bc4 h4 24. Nf5 gxf5 25. exf5 Nb6 26. Bd3 Nbxd5 27. Bf2 Nc3 28. Rac2 Nce4 29. Qe1 Nxf2 30. Qxf2 Qb6 31. Qxh4+ Kg8 32. Kh1 Qc6 33. Re2 Qd5 34. Bc2 Ra7 35. Rd1 Qc6 36. Re3 d5 37. Rg3 Qe8 38. Qg5 Qf8 39. h4 Nh7 40. Qg4 Kh8 41. f6 Nxf6 42. Qf3 Rb6 43. Re1 Ne4 44. Rxe4 dxe4 45. Qxe4 Rh6 46. Rg4 f5 0-1

[Event "Goch op 20th"]
[Site "Goch"]
[Date "2009.10.02"]
[Round "3"]
[White "Coenen, Siegfried"]
[Black "Stelter, Wilhelm"]
[Result "1/2-1/2"]
[WhiteElo "2007"]
[BlackElo "1747"]
[PlyCount "103"]
[EventDate "2009.10.01"]
[EventType "swiss"]
[EventRounds "7"]
[EventCountry "GER"]
[SourceTitle "EXT 2011"]
[Source "ChessBase"]
[SourceDate "2010.11.26"]
[SourceVersion "1"]
[SourceVersionDate "2010.11.26"]
[SourceQuality "1"]

1. e4 e5 2. Nc3 Nc6 3. f4 exf4 4. d4 Qh4+ 5. Ke2 b6 6. Nf3 Ba6+ 7. Kd2 Qf2+ 8. Be2 Bb4 9. Qf1 Bxc3+ 10. bxc3 Qe3+ 11. Kd1 Bxe2+ 12. Qxe2 Qxc3 13. Rb1 Nxd4 14. Qf2 Nxf3 15. gxf3 f6 16. Bxf4 Ne7 17. Rb3 Qc6 18. Rg1 Ng6 19. Bd2 0-0-0 20. Ra3 Kb8 21. h4 Rhg8 22. Kc1 Qc5 23. Qxc5 bxc5 24. h5 Ne5 25. f4 Nc4 26. Rag3 Nxd2 27. Kxd2 d5 28. Rxg7 dxe4+ 29. Ke3 Rxg7 30. Rxg7 Rd1 31. Kxe4 Ra1 32. Rxh7 Rxa2 33. Rg7 Rxc2 34. h6 Rh2 35. Rg6 Kb7 36. Rxf6 a5 37. Kf5 a4 38. Kg6 a3 39. Re6 a2 40. Re1 Rg2+ 41. Kf7 Rh2 42. Kg7 Rg2+ 43. Kh8 Rb2 44. Ra1 Kc6 45. h7 Rg2 46. f5 Kd6 47. Re1 Rd2 48. Kg7 Rg2+ 49. Kh6 Rh2+ 50. Kg6 Rg2+ 51. Kh5 Rh2+ 52. Kg4 1/2-1/2

[Event "Niederrhein-ch"]
[Site "Moers"]
[Date "2009.04.09"]
[Round "7"]
[White "Stelter, Wilhelm"]
[Black "Biessner, Eberhard"]
[Result "1-0"]
[WhiteElo "1669"]
[BlackElo "1764"]
[PlyCount "51"]
[EventDate "2009.04.03"]
[EventType "swiss"]
[EventRounds "9"]
[EventCountry "GER"]
[SourceTitle "EXT 2010"]
[Source "ChessBase"]
[SourceDate "2010.11.25"]
[SourceVersion "1"]
[SourceVersionDate "2010.11.25"]
[SourceQuality "1"]

1. d4 Nf6 2. c4 e6 3. Nf3 b6 4. a3 Bb7 5. Nc3 Ne4 6. Qc2 f5 7. Nd2 d5 8. cxd5 exd5 9. e3 c6 10. Ndxe4 fxe4 11. Bd2 Qf6 12. Be2 Bd6 13. h3 Rf8 14. Rf1 Qh4 15. 0-0-0 Nd7 16. f3 Nf6 17. fxe4 Nxe4 18. Nxe4 dxe4 19. Rxf8+ Kxf8 20. Qc4 Be7 21. Rf1+ Bf6 22. Bb4+ c5 23. dxc5 Rc8 24. c6+ Ke8 25. Qe6+ Be7 26. Qd7# 1-0

[Event "Goch op 19th"]
[Site "Goch"]
[Date "2008.10.09"]
[Round "1"]
[White "Gross, Karl"]
[Black "Stelter, Wilhelm"]
[Result "1/2-1/2"]
[WhiteElo "2119"]
[BlackElo "1757"]
[PlyCount "38"]
[EventDate "2008.10.09"]
[EventType "swiss"]
[EventRounds "7"]
[EventCountry "GER"]
[SourceTitle "EXT 2011"]
[Source "ChessBase"]
[SourceDate "2010.11.26"]
[SourceVersion "1"]
[SourceVersionDate "2010.11.26"]
[SourceQuality "1"]

1. e4 e5 2. Nf3 Nc6 3. d4 exd4 4. Nxd4 Nf6 5. Nxc6 bxc6 6. e5 Qe7 7. Qe2 Nd5 8. c4 Ba6 9. b3 Qh4 10. a3 Bc5 11. Qf3 Nb6 12. Bb2 0-0 13. Bd3 d5 14. g3 Qh6 15. 0-0 dxc4 16. bxc4 Bxc4 17. Rc1 Bd5 18. Be4 Na4 19. Bxd5 cxd5 1/2-1/2

[Event "Goch op 15th"]
[Site "Goch"]
[Date "2004.10.03"]
[Round "7"]
[White "Mohrholz, Stefan"]
[Black "Stelter, Wilhelm"]
[Result "1-0"]
[WhiteElo "2031"]
[BlackElo "1570"]
[PlyCount "89"]
[EventDate "2004.09.30"]
[EventType "swiss"]
[EventRounds "7"]
[EventCountry "GER"]
[SourceTitle "EXT 2006"]
[Source "ChessBase"]
[SourceDate "2005.11.24"]
[SourceVersion "1"]
[SourceVersionDate "2005.11.24"]
[SourceQuality "1"]

1. Nf3 d5 2. d4 Nf6 3. g3 e6 4. Bg2 Nbd7 5. 0-0 a6 6. a4 Bd6 7. Nbd2 c5 8. c4 cxd4 9. Nxd4 Qb6 10. e3 0-0 11. b3 Ne5 12. Qe2 Bd7 13. cxd5 Nxd5 14. Bb2 Nb4 15. Be4 f5 16. a5 Qa7 17. Bg2 Rac8 18. Ba3 Rc7 19. Nc4 Nxc4 20. bxc4 Rfc8 21. Rfc1 Bf8 22. h4 Nc6 23. Bb2 Bb4 24. Nb3 Bd6 25. Qd2 Be5 26. Bxc6 Bxb2 27. Bxd7 Bxc1 28. Bxe6+ Kh8 29. Rxc1 Rf8 30. Bd5 Rd7 31. Nd4 Qb8 32. Ne6 Rf6 33. Qc3 Qe8 34. Nf4 Qe7 35. h5 Qe8 36. Rb1 Rh6 37. Rxb7 Rxb7 38. Bxb7 Qa4 39. Qe5 Qd1+ 40. Kg2 Qd8 41. c5 Rf6 42. c6 Rf7 43. h6 Qg8 44. c7 Rf6 45. hxg7+ 1-0

[Event "Goch op 15th"]
[Site "Goch"]
[Date "2004.10.01"]
[Round "2"]
[White "Stelter, Wilhelm"]
[Black "Beckmann, Arne"]
[Result "0-1"]
[WhiteElo "1570"]
[BlackElo "1976"]
[PlyCount "80"]
[EventDate "2004.09.30"]
[EventType "swiss"]
[EventRounds "7"]
[EventCountry "GER"]
[SourceTitle "EXT 2006"]
[Source "ChessBase"]
[SourceDate "2005.11.24"]
[SourceVersion "1"]
[SourceVersionDate "2005.11.24"]
[SourceQuality "1"]

1. d4 d5 2. c4 c6 3. Nf3 Nf6 4. Nc3 g6 5. e3 Bg4 6. h3 Bxf3 7. Qxf3 Bg7 8. b3 0-0 9. Bb2 Qa5 10. a3 e6 11. b4 Qc7 12. c5 b5 13. a4 a6 14. axb5 cxb5 15. Bd3 Nc6 16. Na2 a5 17. 0-0 axb4 18. Bxb5 Rfb8 19. Bxc6 Qxc6 20. Qe2 Ra4 21. Rfb1 Rba8 22. Nc1 Ne4 23. Rxa4 Rxa4 24. Nb3 Ra2 25. Qe1 Qb5 26. Nc1 b3 27. Kh1 Nxc5 28. Qd1 Ne4 29. Qxb3 Qxb3 30. Nxb3 Nxf2+ 31. Kg1 Ne4 32. Nc5 Nxc5 33. dxc5 Rxb2 34. Rc1 Rb8 35. Kf1 Rc8 36. Ke2 Rc6 37. Kd3 Bf8 38. e4 Rxc5 39. Rxc5 Bxc5 40. exd5 exd5 0-1

[Event "Goch op 15th"]
[Site "Goch"]
[Date "2004.09.30"]
[Round "1"]
[White "Gohla, Ulf"]
[Black "Stelter, Wilhelm"]
[Result "1-0"]
[WhiteElo "2091"]
[BlackElo "1570"]
[PlyCount "78"]
[EventDate "2004.09.30"]
[EventType "swiss"]
[EventRounds "7"]
[EventCountry "GER"]
[SourceTitle "EXT 2006"]
[Source "ChessBase"]
[SourceDate "2005.11.24"]
[SourceVersion "1"]
[SourceVersionDate "2005.11.24"]
[SourceQuality "1"]

1. d4 d5 2. c4 e6 3. Nc3 Nf6 4. cxd5 exd5 5. Bg5 c6 6. e3 Bf5 7. Qf3 Bg6 8. Bxf6 gxf6 9. Nge2 Bb4 10. a3 Qa5 11. Qxf6 0-0 12. Rc1 Nd7 13. axb4 Qxb4 14. Qg5 f6 15. Qg4 Ne5 16. Qe6+ Bf7 17. Qxf6 Nd3+ 18. Kd2 Qxb2+ 19. Rc2 Qa1 20. Nc1 Nb4 21. e4 Nxc2 22. Kxc2 dxe4 23. Qg5+ Bg6 24. Bc4+ Kg7 25. Kb3 Rf5 26. Qe7+ Kh6 27. Rd1 b5 28. Be6 Re8 29. Qh4+ Rh5 30. Qf4+ Kg7 31. N1a2 Qxd1+ 32. Nxd1 Rxe6 33. Ne3 Rf6 34. Qc7+ Rf7 35. Qxc6 Rxf2 36. Nc3 Rf7 37. d5 Rxh2 38. d6 a5 39. d7 a4+ 1-0

[Event "Duisburg Grossenbaum op"]
[Site "Duisburg"]
[Date "2004.05.31"]
[Round "6"]
[White "Ozerov, Ilja"]
[Black "Stelter, Wilhelm"]
[Result "1-0"]
[WhiteElo "1867"]
[BlackElo "1636"]
[PlyCount "69"]
[EventDate "2004.05.28"]
[EventType "swiss"]
[EventRounds "7"]
[EventCountry "GER"]
[SourceTitle "EXT 2006"]
[Source "ChessBase"]
[SourceDate "2005.11.24"]
[SourceVersion "1"]
[SourceVersionDate "2005.11.24"]
[SourceQuality "1"]

1. d4 d5 2. Nf3 Nf6 3. Bf4 e6 4. e3 a6 5. Bd3 Bd6 6. Ne5 c5 7. a4 cxd4 8. exd4 Nc6 9. Nxc6 bxc6 10. Bxd6 Qxd6 11. Qe2 c5 12. dxc5 Qxc5 13. 0-0 0-0 14. c3 Bb7 15. b4 Qd6 16. b5 Rfc8 17. Rc1 Rc5 18. Nd2 axb5 19. Bxb5 Rac8 20. c4 d4 21. Rd1 Qf4 22. Ra3 Rh5 23. Nf1 Rcc5 24. Qd2 Qe4 25. f3 Qg6 26. Qxd4 h6 27. Qd8+ Kh7 28. Qd3 Rcf5 29. Qe2 Rh3 30. Ng3 Rxg3 31. hxg3 Qxg3 32. Qf2 Qf4 33. Rad3 Ng4 34. Qh4 g6 35. Qxg4 1-0

[Event "Duisburg Grossenbaum op"]
[Site "Duisburg"]
[Date "2004.05.31"]
[Round "7"]
[White "Stelter, Wilhelm"]
[Black "Czybik, Nils Patrick"]
[Result "0-1"]
[WhiteElo "1636"]
[BlackElo "1618"]
[PlyCount "128"]
[EventDate "2004.05.28"]
[EventType "swiss"]
[EventRounds "7"]
[EventCountry "GER"]
[SourceTitle "EXT 2006"]
[Source "ChessBase"]
[SourceDate "2005.11.24"]
[SourceVersion "1"]
[SourceVersionDate "2005.11.24"]
[SourceQuality "1"]

1. d4 Nf6 2. c4 g6 3. Nc3 d5 4. cxd5 Nxd5 5. e4 Nxc3 6. bxc3 Bg7 7. Bc4 c5 8. Be3 0-0 9. Ne2 a6 10. 0-0 cxd4 11. cxd4 Nc6 12. Rb1 b5 13. Bd5 Bb7 14. f3 e6 15. Bb3 Na5 16. Bc2 Nc4 17. Bf2 Rc8 18. Bd3 Qa5 19. a4 b4 20. Be1 Ne3 21. Qb3 Nxf1 22. Bxb4 Qh5 23. Kxf1 Rfd8 24. Be1 Rd7 25. Bg3 Rcd8 26. Nf4 Qg5 27. Nxe6 fxe6 28. Qxe6+ Kh8 29. f4 Qf6 30. Qxf6 Bxf6 31. d5 Bg7 32. Ke2 Re8 33. Kf3 h5 34. Rb6 Kh7 35. Bf2 Rf8 36. g3 Rf6 37. Rb1 g5 38. e5+ Rg6 39. Bxg6+ Kxg6 40. Ke3 gxf4+ 41. gxf4 Bxd5 42. Rb6+ Kf5 43. Rxa6 Bc4 44. Rd6 Rxd6 45. exd6 Ke6 46. Bg3 Kxd6 47. Ke4 Ke6 48. f5+ Kf7 49. Kf4 Bc3 50. Kg5 Be2 51. Kf4 Bd1 52. Kg5 Bd2+ 53. Bf4 Bxf4+ 54. Kxf4 Bxa4 55. Kg5 Bd1 56. h4 Be2 57. f6 Bg4 58. Kf4 Kxf6 59. Ke4 Ke6 60. Kf4 Kd5 61. Ke3 Ke5 62. Kf2 Ke4 63. Kg2 Kf4 64. Kf2 Bf3 0-1

[Event "Duisburg Grossenbaum op"]
[Site "Duisburg"]
[Date "2004.05.30"]
[Round "5"]
[White "Stelter, Wilhelm"]
[Black "Splitthoff, Wilhelm"]
[Result "1-0"]
[WhiteElo "1636"]
[BlackElo "1360"]
[PlyCount "107"]
[EventDate "2004.05.28"]
[EventType "swiss"]
[EventRounds "7"]
[EventCountry "GER"]
[SourceTitle "EXT 2006"]
[Source "ChessBase"]
[SourceDate "2005.11.24"]
[SourceVersion "1"]
[SourceVersionDate "2005.11.24"]
[SourceQuality "1"]

1. d4 Nf6 2. c4 e6 3. Nf3 Be7 4. Nc3 d6 5. e4 h6 6. Bd3 a6 7. h3 Nc6 8. Be3 Na7 9. Qe2 c6 10. a4 Qa5 11. 0-0 e5 12. d5 c5 13. Rfb1 Qc7 14. b4 b6 15. bxc5 bxc5 16. a5 Bd7 17. Bc2 0-0 18. Ba4 Nh7 19. Bxd7 Qxd7 20. Rb3 Bd8 21. Qa2 Bc7 22. Rb7 Rfb8 23. Rab1 Qc8 24. R7b2 Rxb2 25. Rxb2 Rb8 26. Rxb8 Qxb8 27. Bd2 Nc8 28. Nd1 Ne7 29. Nh4 Qd8 30. g3 Nf6 31. f3 Nh5 32. Kh2 Qf8 33. Ne3 g6 34. Ng4 g5 35. Nf5 Nxf5 36. exf5 f6 37. Qa4 Kh7 38. Qd7+ Qg7 39. Qc6 Qe7 40. Qxa6 Ng7 41. Ne3 e4 42. f4 gxf4 43. gxf4 Nh5 44. Ng4 Qd7 45. Qc6 Qd8 46. a6 Ba5 47. Be3 Qb8 48. Qb7+ Qxb7 49. axb7 Bc7 50. Bd2 Kg7 51. Nf2 Kf7 52. Nxe4 Ke7 53. Ba5 Bb8 54. Kg2 1-0

[Event "Duisburg Grossenbaum op"]
[Site "Duisburg"]
[Date "2004.05.29"]
[Round "2"]
[White "Hammann, Bernd"]
[Black "Stelter, Wilhelm"]
[Result "1-0"]
[WhiteElo "1894"]
[BlackElo "1636"]
[PlyCount "41"]
[EventDate "2004.05.28"]
[EventType "swiss"]
[EventRounds "7"]
[EventCountry "GER"]
[SourceTitle "EXT 2006"]
[Source "ChessBase"]
[SourceDate "2005.11.24"]
[SourceVersion "1"]
[SourceVersionDate "2005.11.24"]
[SourceQuality "1"]

1. d4 d5 2. c4 e6 3. Nc3 Nf6 4. cxd5 exd5 5. Bg5 Nbd7 6. Qc2 c6 7. e3 Bd6 8. Bd3 h6 9. Bh4 Qa5 10. Nge2 b5 11. 0-0 b4 12. Na4 Qc7 13. Bg3 Ng4 14. e4 Bxg3 15. Nxg3 dxe4 16. Bxe4 Bb7 17. Bf5 h5 18. Rfe1+ Kf8 19. Nc5 Ngf6 20. d5 Rc8 21. d6 1-0

[Event "Goch op 14th"]
[Site "Goch"]
[Date "2003.??.??"]
[Round "2"]
[White "Phillips, Gordon"]
[Black "Stelter, Wilhelm"]
[Result "0-1"]
[WhiteElo "1810"]
[BlackElo "1625"]
[PlyCount "26"]
[EventDate "2003.10.02"]
[EventType "swiss"]
[EventRounds "7"]
[EventCountry "GER"]
[SourceTitle "EXT 2006"]
[Source "ChessBase"]
[SourceDate "2005.11.24"]
[SourceVersion "1"]
[SourceVersionDate "2005.11.24"]
[SourceQuality "1"]

1. e4 e5 2. Nf3 Nc6 3. Bb5 a6 4. Ba4 Nf6 5. 0-0 b5 6. Bb3 Be7 7. Re1 0-0 8. c3 d5 9. exd5 e4 10. dxc6 exf3 11. Qxf3 Bg4 12. Qe3 Re8 13. f3 Bc5 0-1

[Event "Goch op 14th"]
[Site "Goch"]
[Date "2003.??.??"]
[Round "7"]
[White "Stelter, Wilhelm"]
[Black "Suliga, Eckhard"]
[Result "0-1"]
[WhiteElo "1625"]
[BlackElo "1660"]
[PlyCount "60"]
[EventDate "2003.10.02"]
[EventType "swiss"]
[EventRounds "7"]
[EventCountry "GER"]
[SourceTitle "EXT 2006"]
[Source "ChessBase"]
[SourceDate "2005.11.24"]
[SourceVersion "1"]
[SourceVersionDate "2005.11.24"]
[SourceQuality "1"]

1. d4 Nf6 2. c4 e6 3. Nf3 b6 4. Nc3 Bb4 5. Bg5 h6 6. Bh4 Bb7 7. e3 g5 8. Bg3 Ne4 9. Qc2 Bxc3+ 10. bxc3 d6 11. Bd3 f5 12. Rd1 Qf6 13. Nd2 Nxd2 14. Qxd2 Bxg2 15. Rg1 Bf3 16. Rb1 Nd7 17. c5 bxc5 18. dxc5 Nxc5 19. Bb5+ Ke7 20. Be2 Ne4 21. Qc2 Bxe2 22. Kxe2 Nxc3+ 23. Kf3 Nd5 24. Rb7 Rhc8 25. Qc6 f4 26. exf4 gxf4 27. Bh4 Qxh4 28. Rg7+ Kf6 29. Qd7 Qh5+ 30. Kg2 Rd8 0-1

[Event "Goch op 14th"]
[Site "Goch"]
[Date "2003.??.??"]
[Round "3"]
[White "Stelter, Wilhelm"]
[Black "Winnicki, Alice"]
[Result "1/2-1/2"]
[WhiteElo "1625"]
[BlackElo "1995"]
[PlyCount "81"]
[EventDate "2003.10.02"]
[EventType "swiss"]
[EventRounds "7"]
[EventCountry "GER"]
[SourceTitle "EXT 2006"]
[Source "ChessBase"]
[SourceDate "2005.11.24"]
[SourceVersion "1"]
[SourceVersionDate "2005.11.24"]
[SourceQuality "1"]

1. d4 d5 2. c4 Nc6 3. e3 e5 4. cxd5 Qxd5 5. Nc3 Bb4 6. Bd2 Bxc3 7. bxc3 Qd6 8. Ne2 Nf6 9. Ng3 0-0 10. Be2 Be6 11. 0-0 Na5 12. Qa4 b6 13. Rfd1 Bd7 14. Qc2 Qa3 15. Bc1 Qe7 16. a4 Rfd8 17. Ba3 Qe8 18. Bb4 Nc6 19. d5 Nb8 20. c4 a5 21. Bc3 Na6 22. Qb2 Bxa4 23. Rxa4 Qxa4 24. Bxe5 Ne8 25. Nf5 f6 26. Nxg7 Kxg7 27. Rd4 Qb4 28. Rg4+ Kf8 29. Qc2 Rd7 30. Bf4 Rf7 31. Bh6+ Ke7 32. Qe4+ Kd8 33. d6 Rb8 34. Rg8 Qe1+ 35. Bf1 Kd7 36. Qf5+ Kxd6 37. Bf4+ Ke7 38. Qe4+ Kd7 39. Qd5+ Ke7 40. Qe4+ Kd7 41. Qd5+ 1/2-1/2

[Event "Goch op 14th"]
[Site "Goch"]
[Date "2003.??.??"]
[Round "6"]
[White "Welz, Ulf"]
[Black "Stelter, Wilhelm"]
[Result "1/2-1/2"]
[WhiteElo "1780"]
[BlackElo "1625"]
[PlyCount "54"]
[EventDate "2003.10.02"]
[EventType "swiss"]
[EventRounds "7"]
[EventCountry "GER"]
[SourceTitle "EXT 2006"]
[Source "ChessBase"]
[SourceDate "2005.11.24"]
[SourceVersion "1"]
[SourceVersionDate "2005.11.24"]
[SourceQuality "1"]

1. c4 e6 2. g3 d5 3. cxd5 exd5 4. Bg2 Nf6 5. Nf3 Nbd7 6. 0-0 c6 7. d4 Bd6 8. b3 0-0 9. Ba3 Qe7 10. Bxd6 Qxd6 11. Nc3 Re8 12. Rc1 Nb6 13. Qd3 Bg4 14. Ne5 Rad8 15. Nxg4 Nxg4 16. h3 Nf6 17. e3 Nc8 18. Na4 Qe7 19. Nc5 Nd6 20. Qc2 Nfe4 21. Nxe4 Nxe4 22. Bxe4 Qxe4 23. Qxe4 Rxe4 24. Rc5 Re7 25. Rfc1 f5 26. b4 Rdd7 27. a4 a6 1/2-1/2

[Event "Lucky op 2nd"]
[Site "Hamburg"]
[Date "1999.10.21"]
[Round "8"]
[White "Jiltzow, Friedrich"]
[Black "Stelter, Wilhelm"]
[Result "1-0"]
[WhiteElo "1455"]
[BlackElo "1693"]
[PlyCount "77"]
[EventDate "1999.10.??"]
[EventType "swiss"]
[EventRounds "9"]
[EventCountry "GER"]
[SourceTitle "EXT 2001"]
[Source "ChessBase"]
[SourceDate "2000.11.22"]
[SourceVersion "1"]
[SourceVersionDate "2000.11.22"]
[SourceQuality "1"]

1. e4 e5 2. Bc4 Nf6 3. d3 Bc5 4. Be3 Be7 5. f4 d6 6. fxe5 dxe5 7. Nf3 Nc6 8. 0-0 Ng4 9. Bxf7+ Kf8 10. Bc4 Nxe3 11. Nxe5+ Nxf1 12. Qxf1+ Bf6 13. Nxc6 bxc6 14. c3 Ke8 15. e5 Rf8 16. exf6 Rxf6 17. Qd1 Qe7 18. Nd2 Be6 19. Ne4 Rg6 20. Qb3 Bxc4 21. Qxc4 Qe6 22. Qc5 Qd5 23. Qf2 Qf7 24. Qe3 Re6 25. Rf1 Qe7 26. Qh3 h6 27. Qf5 Rd8 28. Qh5+ g6 29. Qh3 Rd5 30. Qxh6 Rh5 31. Qe3 Rf5 32. Qxa7 Rxf1+ 33. Kxf1 Qf7+ 34. Qf2 Qxf2+ 35. Kxf2 Ke7 36. a4 Kd7 37. b4 Kc8 38. g4 Kd7 39. Nc5+ 1-0